Uplatnenie webových služieb pri sprístupňovaní a spracovaní geodát : Dizertačná práca

Gespeichert in:
Bibliographische Detailangaben
1. Verfasser: Cibulka, Dušan, 1984- (Verfasst von)
Weitere Verfasser: Hefty, Ján, 1950- (Betreuung Doktorarbeit)
Format: Manuskript Buch
Sprache:Slowakisch
Veröffentlicht: Bratislava : STU v Bratislave SvF, 2012
Schlagworte:
Online-Zugang:VAIS
Tags: Tag hinzufügen
Keine Tags, Fügen Sie das erste Tag hinzu!

MARC

LEADER 00000ntm a22000003a 4500
001 stu264799
005 20160721135610.2
008 130326s2012----xo------------------slo-d
040 |a STU  |b slo 
041 0 |a slo 
044 |a xo 
100 1 |a Cibulka, Dušan,  |d 1984-  |4 aut  |X 21191  |7 A000021191 
242 0 0 |a Applicability of Web services in making available and processing of geodata  |y eng 
245 1 |a Uplatnenie webových služieb pri sprístupňovaní a spracovaní geodát :  |b Dizertačná práca 
260 |a Bratislava :  |b STU v Bratislave SvF,  |c 2012 
300 |a 111 s 
650 7 |a geodézia a kartografia  |2 stusub 
650 7 |a Geodesy and Cartography  |2 estusub 
650 7 |a geodata  |2 estusub 
650 7 |a geoúdaje  |2 stusub 
650 7 |a webové služby  |2 stusub 
700 1 |a Hefty, Ján,  |d 1950-  |4 ths  |u V130  |U SvF Stavebná fakulta  |T SvF Katedra geodetických základov  |X 891  |U V130  |Y 13  |7 A000000891 
856 4 |a info a plný text  |u http://is.stuba.sk/zp/portal_zp.pl?podrobnosti=75764  |3 VAIS 
996 |b 284V036721  |c V*3108/DP-1088  |l VVS  |s P  |a 0  |w stu264799_0001